| 000 | 00349nam a22001337a 4500 | ||
|---|---|---|---|
| 020 | _a9788120341043 | ||
| 082 |
_a624.1821 _bSHI/LI |
||
| 100 |
_aShiyekar, M R _9134 |
||
| 245 | _aLimit state Design in Structural Steel | ||
| 260 |
_aNew Delhi _bPHI learning Pvt Ltd _c2011 |
||
| 300 | _a405 | ||
| 650 |
_aStructural steel design _9135 |
||
| 942 | _cBK | ||
| 999 |
_c14122 _d14122 |
||